<?xml version="1.0" encoding="UTF-8"?>
<collection xmlns="http://www.loc.gov/MARC21/slim">
 <record>
  <leader>03706pam a2200697 i 4500</leader>
  <controlfield tag="001">AALScienceDirectebook000008</controlfield>
  <controlfield tag="003">BD-DhAAL</controlfield>
  <controlfield tag="005">20191205134715.0</controlfield>
  <controlfield tag="006">m     o  d        </controlfield>
  <controlfield tag="007">cr cnu|||unuuu</controlfield>
  <controlfield tag="008">150619s2015    enk     ob    001 0 eng d</controlfield>
  <datafield tag="999" ind1=" " ind2=" ">
   <subfield code="c">41953</subfield>
   <subfield code="d">41953</subfield>
  </datafield>
  <datafield tag="015" ind1=" " ind2=" ">
   <subfield code="a">GBB555762</subfield>
   <subfield code="2">bnb</subfield>
  </datafield>
  <datafield tag="015" ind1=" " ind2=" ">
   <subfield code="a">GBB6G6262</subfield>
   <subfield code="2">bnb</subfield>
  </datafield>
  <datafield tag="016" ind1="7" ind2=" ">
   <subfield code="a">017172864</subfield>
   <subfield code="2">Uk</subfield>
  </datafield>
  <datafield tag="016" ind1="7" ind2=" ">
   <subfield code="a">018082876</subfield>
   <subfield code="2">Uk</subfield>
  </datafield>
  <datafield tag="020" ind1=" " ind2=" ">
   <subfield code="a">0081000928</subfield>
  </datafield>
  <datafield tag="020" ind1=" " ind2=" ">
   <subfield code="a">0081001126</subfield>
  </datafield>
  <datafield tag="020" ind1=" " ind2=" ">
   <subfield code="a">9780081000922</subfield>
  </datafield>
  <datafield tag="020" ind1=" " ind2=" ">
   <subfield code="a">9780081001127</subfield>
  </datafield>
  <datafield tag="020" ind1=" " ind2=" ">
   <subfield code="z">9780081000922</subfield>
  </datafield>
  <datafield tag="035" ind1=" " ind2=" ">
   <subfield code="a">(OCoLC)911200740</subfield>
   <subfield code="z">(OCoLC)931721201</subfield>
   <subfield code="z">(OCoLC)951660372</subfield>
   <subfield code="z">(OCoLC)1062203491</subfield>
   <subfield code="z">(OCoLC)1105186272</subfield>
   <subfield code="z">(OCoLC)1105559529</subfield>
   <subfield code="z">(OCoLC)1125097979</subfield>
  </datafield>
  <datafield tag="040" ind1=" " ind2=" ">
   <subfield code="a">BD-DhAAL</subfield>
  </datafield>
  <datafield tag="050" ind1=" " ind2="4">
   <subfield code="a">RS380</subfield>
  </datafield>
  <datafield tag="072" ind1=" " ind2="7">
   <subfield code="a">HEA</subfield>
   <subfield code="x">039000</subfield>
   <subfield code="2">bisacsh</subfield>
  </datafield>
  <datafield tag="072" ind1=" " ind2="7">
   <subfield code="a">MED</subfield>
   <subfield code="x">014000</subfield>
   <subfield code="2">bisacsh</subfield>
  </datafield>
  <datafield tag="072" ind1=" " ind2="7">
   <subfield code="a">MED</subfield>
   <subfield code="x">022000</subfield>
   <subfield code="2">bisacsh</subfield>
  </datafield>
  <datafield tag="072" ind1=" " ind2="7">
   <subfield code="a">MED</subfield>
   <subfield code="x">045000</subfield>
   <subfield code="2">bisacsh</subfield>
  </datafield>
  <datafield tag="072" ind1=" " ind2="7">
   <subfield code="a">MED</subfield>
   <subfield code="x">112000</subfield>
   <subfield code="2">bisacsh</subfield>
  </datafield>
  <datafield tag="082" ind1="0" ind2="4">
   <subfield code="a">616.29387465</subfield>
  </datafield>
  <datafield tag="245" ind1="0" ind2="0">
   <subfield code="a">Strategies to modify the drug release from pharmaceutical systems /</subfield>
   <subfield code="c">Marcos Luciano Bruschi.</subfield>
   <subfield code="h">[electronic resource]</subfield>
  </datafield>
  <datafield tag="260" ind1=" " ind2="1">
   <subfield code="a">Cambridge, UK :</subfield>
   <subfield code="b">Elsevier,</subfield>
   <subfield code="c">[2015]</subfield>
  </datafield>
  <datafield tag="300" ind1=" " ind2=" ">
   <subfield code="a">1 online resource</subfield>
  </datafield>
  <datafield tag="490" ind1="1" ind2=" ">
   <subfield code="a">Woodhead Publishing series in biomedicine ;</subfield>
   <subfield code="v">number 85</subfield>
  </datafield>
  <datafield tag="500" ind1=" " ind2=" ">
   <subfield code="a">&lt;strong&gt;Off-Campus Access:&lt;/strong&gt; Athens ID and Password Required</subfield>
  </datafield>
  <datafield tag="500" ind1=" " ind2=" ">
   <subfield code="a">&lt;strong&gt;On-Campus Access:&lt;/strong&gt; No User ID or Password Required</subfield>
  </datafield>
  <datafield tag="504" ind1=" " ind2=" ">
   <subfield code="a">Includes bibliographical references and index.</subfield>
  </datafield>
  <datafield tag="505" ind1="0" ind2=" ">
   <subfield code="a">General considerations -- Modification of drug release -- Classification of therapeutic systems for drug delivery -- Main mechanisms to control the drug release -- Mathematical models of drug release -- Drug delivery systems.</subfield>
  </datafield>
  <datafield tag="506" ind1=" " ind2=" ">
   <subfield code="a">Electronic access restricted to authorized BRAC University faculty, staff and students</subfield>
  </datafield>
  <datafield tag="520" ind1=" " ind2=" ">
   <subfield code="a">Since the earliest dosage forms to modern drug delivery systems, came a great development and growth of knowledge with respect to drug delivery. Strategies to Modify the Drug Release from Pharmaceutical Systems will address principles, systems, applications and advances in the field. It will be principally a textbook and a reference source of strategies to modify the drug release. Moreover, the characterization, mathematical and physicochemical models, applications and the systems will be discussed.</subfield>
  </datafield>
  <datafield tag="538" ind1=" " ind2=" ">
   <subfield code="a">Mode of access: Internet</subfield>
  </datafield>
  <datafield tag="650" ind1=" " ind2="0">
   <subfield code="a">Biopharmaceutics.</subfield>
   <subfield code="9">38026</subfield>
  </datafield>
  <datafield tag="650" ind1=" " ind2="0">
   <subfield code="a">Pharmaceutical biotechnology.</subfield>
   <subfield code="9">38027</subfield>
  </datafield>
  <datafield tag="650" ind1=" " ind2="7">
   <subfield code="a">Biopharmaceutics.</subfield>
   <subfield code="2">fast</subfield>
   <subfield code="9">38026</subfield>
  </datafield>
  <datafield tag="650" ind1=" " ind2="7">
   <subfield code="a">HEALTH &amp; FITNESS</subfield>
   <subfield code="x">Diseases</subfield>
   <subfield code="x">General.</subfield>
   <subfield code="2">bisacsh</subfield>
   <subfield code="9">38028</subfield>
  </datafield>
  <datafield tag="650" ind1=" " ind2="7">
   <subfield code="a">MEDICAL</subfield>
   <subfield code="x">Clinical Medicine.</subfield>
   <subfield code="2">bisacsh</subfield>
   <subfield code="9">38029</subfield>
  </datafield>
  <datafield tag="650" ind1=" " ind2="7">
   <subfield code="a">MEDICAL</subfield>
   <subfield code="x">Diseases.</subfield>
   <subfield code="2">bisacsh</subfield>
   <subfield code="9">38030</subfield>
  </datafield>
  <datafield tag="650" ind1=" " ind2="7">
   <subfield code="a">MEDICAL</subfield>
   <subfield code="x">Evidence-Based Medicine.</subfield>
   <subfield code="2">bisacsh</subfield>
   <subfield code="9">38031</subfield>
  </datafield>
  <datafield tag="650" ind1=" " ind2="7">
   <subfield code="a">MEDICAL</subfield>
   <subfield code="x">Internal Medicine.</subfield>
   <subfield code="2">bisacsh</subfield>
   <subfield code="9">38032</subfield>
  </datafield>
  <datafield tag="650" ind1=" " ind2="7">
   <subfield code="a">Pharmaceutical biotechnology.</subfield>
   <subfield code="2">fast</subfield>
   <subfield code="9">38027</subfield>
  </datafield>
  <datafield tag="650" ind1="1" ind2="2">
   <subfield code="a">Drug Delivery Systems.</subfield>
   <subfield code="9">38033</subfield>
  </datafield>
  <datafield tag="650" ind1="2" ind2="2">
   <subfield code="a">Biopharmaceutics.</subfield>
   <subfield code="9">38026</subfield>
  </datafield>
  <datafield tag="650" ind1="2" ind2="2">
   <subfield code="a">Drug Liberation</subfield>
   <subfield code="x">physiology.</subfield>
   <subfield code="9">38034</subfield>
  </datafield>
  <datafield tag="650" ind1="2" ind2="2">
   <subfield code="a">Technology, Pharmaceutical.</subfield>
   <subfield code="9">38035</subfield>
  </datafield>
  <datafield tag="655" ind1=" " ind2="4">
   <subfield code="a">Electronic books.</subfield>
   <subfield code="9">38036</subfield>
  </datafield>
  <datafield tag="700" ind1="1" ind2=" ">
   <subfield code="a">Bruschi, Marcos Luciano,</subfield>
   <subfield code="e">editor.</subfield>
   <subfield code="9">38037</subfield>
  </datafield>
  <datafield tag="776" ind1="0" ind2="8">
   <subfield code="i">Print version:</subfield>
   <subfield code="t">Strategies to modify the drug release from pharmaceutical systems.</subfield>
   <subfield code="d">Cambridge, UK : Elsevier/Woodhead Publishing, [2015]</subfield>
   <subfield code="z">9780081000922</subfield>
   <subfield code="w">(DLC)  2015942326</subfield>
   <subfield code="w">(OCoLC)903596267</subfield>
  </datafield>
  <datafield tag="830" ind1=" " ind2="0">
   <subfield code="a">Woodhead Publishing series in biomedicine ;</subfield>
   <subfield code="v">no. 85.</subfield>
   <subfield code="9">38038</subfield>
  </datafield>
  <datafield tag="856" ind1="4" ind2="0">
   <subfield code="z">Full text available on ScienceDirect</subfield>
   <subfield code="u">https://www.sciencedirect.com/science/book/9780081000922</subfield>
  </datafield>
  <datafield tag="942" ind1=" " ind2=" ">
   <subfield code="2">ddc</subfield>
   <subfield code="c">EBK</subfield>
  </datafield>
  <datafield tag="952" ind1=" " ind2=" ">
   <subfield code="0">0</subfield>
   <subfield code="1">0</subfield>
   <subfield code="2">ddc</subfield>
   <subfield code="4">0</subfield>
   <subfield code="6">616_293874650000000_STR</subfield>
   <subfield code="7">0</subfield>
   <subfield code="9">67376</subfield>
   <subfield code="a">BRACUL</subfield>
   <subfield code="b">BRACUL</subfield>
   <subfield code="d">2019-12-05</subfield>
   <subfield code="l">0</subfield>
   <subfield code="o">616.29387465 STR</subfield>
   <subfield code="r">2019-12-05</subfield>
   <subfield code="w">2019-12-05</subfield>
   <subfield code="y">EBK</subfield>
  </datafield>
 </record>
</collection>
